[Event "Oberliga Ost-A 1920"]
[Site "Germany"]
[Date "2020.01.18"]
[Round "6.4"]
[White "Reizniece Ozola, Dana"]
[Black "Hillmann, Michael"]
[Result "1-0"]
[WhiteElo "2314"]
[BlackElo "2112"]
[PlyCount "63"]
[EventDate "2019.09.29"]
[EventType "team-tourn"]
[EventRounds "11"]
[EventCountry "GER"]
[SourceTitle "EXT 2021"]
[Source "ChessBase"]
[SourceDate "2020.10.23"]
[SourceVersion "1"]
[SourceVersionDate "2020.10.23"]
[SourceQuality "1"]
[WhiteTeam "Loeberitz"]
[BlackTeam "Sangerhausen"]
[WhiteTeamCountry "GER"]
[BlackTeamCountry "GER"]

1. c4 Nf6 2. Nc3 c6 3. Nf3 d5 4. e3 a6 5. Qc2 Nbd7 6. d4 dxc4 7. Bxc4 b5 8. Bxf7+ Kxf7 9. Ng5+ Ke8 10. Nxh7 Nb6 11. Ng5 Rh6 12. e4 e5 13. dxe5 Ng4 14. Nf3 Re6 15. Bf4 Nc4 16. Rd1 Qb6 17. 0-0 Bc5 18. Bg3 Nce3 19. Qe2 Nxd1 20. Rxd1 Nh6 21. Ng5 Re7 22. Qh5+ Kf8 23. Qg6 Nf7 24. Nh7+ Kg8 25. Nf6+ Kf8 26. Nh5 Nd8 27. Bh4 Ne6 28. Bxe7+ Bxe7 29. Rd3 Ra7 30. Rf3+ Kg8 31. Qf7+ Kh7 32. Nf6+ 1-0

[Event "Erfurt op-A 29th"]
[Site "Erfurt"]
[Date "2019.12.30"]
[Round "8"]
[White "Hillmann, Michael"]
[Black "Schmitzer, Klaus"]
[Result "0-1"]
[WhiteElo "2144"]
[BlackElo "2217"]
[PlyCount "82"]
[EventDate "2019.12.26"]
[EventType "swiss"]
[EventRounds "8"]
[EventCountry "GER"]
[SourceTitle "CBM 194 Extra"]
[Source "ChessBase"]
[SourceDate "2020.03.31"]
[SourceVersion "1"]
[SourceVersionDate "2020.03.31"]
[SourceQuality "1"]

1. d4 e6 2. c4 b6 3. a3 Bb7 4. Nf3 f5 5. g3 a5 6. Bg2 Nf6 7. 0-0 Be7 8. Nc3 0-0 9. d5 Na6 10. Nd4 Nc5 11. Bf4 Nh5 12. Bd2 Bf6 13. e3 g6 14. Nde2 Bg7 15. Qc2 a4 16. Rad1 e5 17. e4 f4 18. Bf3 Bh6 19. Bxh5 gxh5 20. gxf4 Bxf4 21. Bxf4 exf4 22. f3 Kh8 23. Kh1 Qf6 24. Nb5 c6 25. Nbd4 cxd5 26. cxd5 Rac8 27. Qd2 Ba6 28. Qb4 Rg8 29. Nb5 Rg6 30. Rg1 Rcg8 31. Ned4 Nd3 32. Qd2 Ne5 33. Qf2 Rc8 34. Qe2 Rc5 35. Rc1 Qf8 36. Rc3 Rxc3 37. bxc3 Qc5 38. Rb1 Nc4 39. Rb4 Nxa3 40. Qb2 Nxb5 41. Rxb5 Qc4 0-1

[Event "Erfurt op-A 29th"]
[Site "Erfurt"]
[Date "2019.12.29"]
[Round "6"]
[White "Hillmann, Michael"]
[Black "Schmid, Anton"]
[Result "1-0"]
[WhiteElo "2144"]
[BlackElo "1783"]
[PlyCount "45"]
[EventDate "2019.12.26"]
[EventType "swiss"]
[EventRounds "8"]
[EventCountry "GER"]
[SourceTitle "CBM 194 Extra"]
[Source "ChessBase"]
[SourceDate "2020.03.31"]
[SourceVersion "1"]
[SourceVersionDate "2020.03.31"]
[SourceQuality "1"]

1. Nf3 c5 2. c4 Nc6 3. Nc3 g6 4. g3 Bg7 5. Bg2 e6 6. 0-0 Nge7 7. d3 0-0 8. Bd2 d5 9. a3 dxc4 10. dxc4 Na5 11. b3 Nec6 12. Rb1 b6 13. Qc1 Bb7 14. Rd1 Nd4 15. Nxd4 cxd4 16. Ne4 Qc7 17. Bh6 Qe5 18. Bf4 Qxe4 19. Bxe4 Bxe4 20. Rb2 Rac8 21. Bh6 Rfd8 22. Bxg7 Kxg7 23. Qf4 1-0

[Event "Oberliga Ost-A 1920"]
[Site "Germany"]
[Date "2019.11.17"]
[Round "3.4"]
[White "Pfeufer, Lion"]
[Black "Hillmann, Michael"]
[Result "0-1"]
[WhiteElo "2031"]
[BlackElo "2112"]
[PlyCount "54"]
[EventDate "2019.09.29"]
[EventType "team-tourn"]
[EventRounds "11"]
[EventCountry "GER"]
[SourceTitle "EXT 2021"]
[Source "ChessBase"]
[SourceDate "2020.10.23"]
[SourceVersion "1"]
[SourceVersionDate "2020.10.23"]
[SourceQuality "1"]
[WhiteTeam "Plauen Koenig II"]
[BlackTeam "Sangerhausen"]
[WhiteTeamCountry "GER"]
[BlackTeamCountry "GER"]

1. e4 d6 2. d4 Nf6 3. Nc3 g6 4. f4 Bg7 5. Nf3 c5 6. d5 0-0 7. Be2 e6 8. 0-0 exd5 9. exd5 Na6 10. Nb5 Nc7 11. Nxc7 Qxc7 12. c4 Bd7 13. Bd3 b5 14. Rb1 bxc4 15. Bxc4 Bf5 16. Ra1 Rab8 17. Nh4 Be4 18. f5 Rb4 19. b3 Bxd5 20. fxg6 Bxc4 21. bxc4 hxg6 22. Bf4 Ne4 23. Qd5 Qb7 24. Nxg6 Qxd5 25. Ne7+ Kh7 26. Nxd5 Bxa1 27. Nxb4 Bd4+ 0-1

[Event "Berlin Lichtenberger op 18th"]
[Site "Berlin"]
[Date "2019.08.23"]
[Round "7"]
[White "Hillmann, Michael"]
[Black "Schabe, Felix"]
[Result "1-0"]
[WhiteElo "2138"]
[BlackElo "1984"]
[PlyCount "69"]
[EventDate "2019.08.17"]
[EventType "swiss"]
[EventRounds "9"]
[EventCountry "GER"]
[SourceTitle "EXT 2020"]
[Source "ChessBase"]
[SourceDate "2019.10.17"]
[SourceVersion "1"]
[SourceVersionDate "2019.10.17"]
[SourceQuality "1"]

1. d4 d6 2. Nf3 g6 3. c4 Bg7 4. g3 Nf6 5. Bg2 0-0 6. 0-0 Bg4 7. h3 Bxf3 8. Bxf3 Qc8 9. Bg2 c5 10. dxc5 dxc5 11. Qb3 Nc6 12. Be3 Nd4 13. Bxd4 cxd4 14. Nd2 Rb8 15. Qa3 a6 16. Qxe7 Re8 17. Qd6 Rxe2 18. Rfd1 Qe8 19. Bf3 Re6 20. Qxd4 Ne4 21. Qa7 Ra8 22. Qxb7 Re7 23. Qxe4 Rxe4 24. Nxe4 Rb8 25. Rd3 Qe6 26. Nd6 Qxh3 27. Bd5 Rf8 28. Nxf7 Rxf7 29. Rf3 Bd4 30. Re1 Kg7 31. Rxf7+ Kh6 32. Rf3 Bxb2 33. Re4 Kg5 34. Rh4 Qd7 35. Rf7 1-0

[Event "Berlin Lichtenberger op 18th"]
[Site "Berlin"]
[Date "2019.08.19"]
[Round "3"]
[White "Hillmann, Michael"]
[Black "Metzinger, Hannes"]
[Result "1-0"]
[WhiteElo "2138"]
[BlackElo "1917"]
[PlyCount "73"]
[EventDate "2019.08.17"]
[EventType "swiss"]
[EventRounds "9"]
[EventCountry "GER"]
[SourceTitle "EXT 2020"]
[Source "ChessBase"]
[SourceDate "2019.10.17"]
[SourceVersion "1"]
[SourceVersionDate "2019.10.17"]
[SourceQuality "1"]

1. d4 d5 2. c4 e6 3. Nf3 c5 4. cxd5 exd5 5. g3 Nc6 6. Bg2 Nf6 7. 0-0 Be7 8. Nc3 0-0 9. b3 Ne4 10. Bb2 cxd4 11. Nxd4 Bf6 12. Na4 Re8 13. Rc1 Nxd4 14. Bxd4 b5 15. Nc5 Bf5 16. e3 Qa5 17. Nxe4 dxe4 18. Bxf6 gxf6 19. Rc5 Bg6 20. h4 h5 21. Qe2 Re5 22. Rxe5 fxe5 23. Qc2 Rd8 24. Bxe4 Rd2 25. Qb1 Kg7 26. Bxg6 fxg6 27. Qe4 b4 28. Rc1 Qb5 29. Rc6 Rd1+ 30. Kh2 Kh8 31. Rxg6 Qd5 32. Rh6+ Kg7 33. Qh7+ Kf8 34. Rf6+ Ke8 35. Qh8+ Ke7 36. Qg7+ Kd8 37. Rf8# 1-0

[Event "Berlin Lichtenberger op 18th"]
[Site "Berlin"]
[Date "2019.08.17"]
[Round "1"]
[White "Hillmann, Michael"]
[Black "Woinowski, Michael"]
[Result "1-0"]
[WhiteElo "2138"]
[BlackElo "1768"]
[PlyCount "95"]
[EventDate "2019.08.17"]
[EventType "swiss"]
[EventRounds "9"]
[EventCountry "GER"]
[SourceTitle "EXT 2020"]
[Source "ChessBase"]
[SourceDate "2019.10.17"]
[SourceVersion "1"]
[SourceVersionDate "2019.10.17"]
[SourceQuality "1"]

1. Nf3 d5 2. d4 Nf6 3. c4 e6 4. g3 Be7 5. Bg2 0-0 6. 0-0 dxc4 7. Ne5 c5 8. dxc5 Nc6 9. Nxc6 bxc6 10. Qa4 a5 11. Bd2 Qd4 12. Bc3 Qxc5 13. Qxc6 Rb8 14. Qxc5 Bxc5 15. Nd2 Ba6 16. Rac1 Bb4 17. Bxf6 Bxd2 18. Rc2 Bb4 19. Be5 Rbc8 20. Rfc1 f6 21. Bf4 Rfd8 22. a3 Bc5 23. Bd2 a4 24. e3 Rb8 25. Bf1 Rd7 26. Be1 Be7 27. Be2 Kf7 28. Rd1 Rxd1 29. Bxd1 Rd8 30. Be2 Rc8 31. e4 Ke8 32. f4 e5 33. Bc3 Bc5+ 34. Kg2 Bd4 35. Bb4 Kf7 36. Bg4 Rc7 37. Ba5 Rb7 38. Bc8 Rxb2 39. Rxb2 Bxb2 40. Bxa6 c3 41. Bd3 Bxa3 42. Bxc3 exf4 43. gxf4 Bc1 44. Kf3 a3 45. Bc4+ Kg6 46. e5 fxe5 47. fxe5 Bb2 48. e6 1-0

[Event "Oberliga Ost-B 1819"]
[Site "Germany"]
[Date "2018.12.15"]
[Round "4.4"]
[White "Weishaeutel, Moritz"]
[Black "Hillmann, Michael"]
[Result "1-0"]
[WhiteElo "2241"]
[BlackElo "2160"]
[PlyCount "61"]
[EventDate "2018.10.21"]
[EventType "team-tourn"]
[EventRounds "11"]
[EventCountry "GER"]
[SourceTitle "EXT 2020"]
[Source "ChessBase"]
[SourceDate "2019.10.17"]
[SourceVersion "1"]
[SourceVersionDate "2019.10.17"]
[SourceQuality "1"]
[WhiteTeam "Erfurt Empor"]
[BlackTeam "Sangerhausen"]
[WhiteTeamCountry "GER"]
[BlackTeamCountry "GER"]

1. e4 d5 2. exd5 Qxd5 3. Nc3 Qd6 4. d4 Nf6 5. Nf3 Bg4 6. h3 Bxf3 7. Qxf3 c6 8. Bd3 e6 9. Ne2 Be7 10. 0-0 0-0 11. c4 Qc7 12. b3 Nbd7 13. Bb2 Rfe8 14. Rad1 a5 15. Nc3 Bf8 16. Bb1 Rab8 17. Qd3 g6 18. f4 Bh6 19. Qf3 Bg7 20. Kh1 b5 21. d5 exd5 22. cxd5 Nxd5 23. Nxd5 cxd5 24. Bxg7 Kxg7 25. f5 Nb6 26. Rc1 Qd7 27. Qf4 Rbc8 28. Qd4+ Kg8 29. Qxb6 Rxc1 30. Rxc1 gxf5 31. Qf2 1-0

[Event "Oberliga Ost-B 1819"]
[Site "Germany"]
[Date "2018.10.21"]
[Round "1.4"]
[White "Fritsch, Andreas"]
[Black "Hillmann, Michael"]
[Result "0-1"]
[WhiteElo "2052"]
[BlackElo "2160"]
[PlyCount "96"]
[EventDate "2018.10.21"]
[EventType "team-tourn"]
[EventRounds "11"]
[EventCountry "GER"]
[SourceTitle "EXT 2020"]
[Source "ChessBase"]
[SourceDate "2019.10.17"]
[SourceVersion "1"]
[SourceVersionDate "2019.10.17"]
[SourceQuality "1"]
[WhiteTeam "Naumburg"]
[BlackTeam "Sangerhausen"]
[WhiteTeamCountry "GER"]
[BlackTeamCountry "GER"]

1. Nc3 d5 2. e4 dxe4 3. Nxe4 Qd5 4. Qf3 c6 5. Nc3 Qxf3 6. Nxf3 Bf5 7. Nh4 Be6 8. d4 Nf6 9. Bd3 Nbd7 10. Ne2 Nb6 11. b3 Bg4 12. h3 Bh5 13. Nf4 Bg6 14. Nfxg6 hxg6 15. Nf3 e6 16. Bd2 Be7 17. c4 0-0 18. Ke2 Rfd8 19. Bc3 Nbd7 20. Rad1 a6 21. Rhe1 b5 22. Kf1 b4 23. Bb2 a5 24. Bc2 Kf8 25. Rd2 Rac8 26. Rde2 Kg8 27. g3 Bf8 28. Ng5 c5 29. Bxg6 fxg6 30. Nxe6 Re8 31. d5 Bd6 32. f4 Nf8 33. Kf2 Nxe6 34. Rxe6 Rxe6 35. Rxe6 Ne8 36. Be5 Rd8 37. Rxg6 Kf7 38. Re6 a4 39. g4 axb3 40. axb3 Bxe5 41. fxe5 Ra8 42. g5 g6 43. Rb6 Ra3 44. Rb7+ Kf8 45. d6 Rxb3 46. Rh7 Rd3 47. Ke2 Rd4 48. d7 Ng7 0-1

[Event "Oberliga Ost-B 1718"]
[Site "Germany"]
[Date "2018.04.14"]
[Round "10.2"]
[White "Dubiel, Jacek"]
[Black "Hillmann, Michael"]
[Result "1-0"]
[WhiteElo "2429"]
[BlackElo "2159"]
[PlyCount "59"]
[EventDate "2017.10.22"]
[EventType "team-tourn"]
[EventRounds "11"]
[EventCountry "GER"]
[SourceTitle "EXT 2019"]
[Source "ChessBase"]
[SourceDate "2018.10.10"]
[SourceVersion "1"]
[SourceVersionDate "2018.10.10"]
[SourceQuality "1"]
[WhiteTeam "Oberursel"]
[BlackTeam "Sangerhausen"]
[WhiteTeamCountry "GER"]
[BlackTeamCountry "GER"]

1. e4 d5 2. exd5 Qxd5 3. Nc3 Qd6 4. d4 Nf6 5. Nf3 c6 6. Ne5 Nbd7 7. Nc4 Qc7 8. Qf3 Nb6 9. Bf4 Qd7 10. Nxb6 axb6 11. 0-0-0 e6 12. Be5 Nd5 13. Bc4 f6 14. Bf4 Bb4 15. Nxd5 exd5 16. Bd3 0-0 17. a3 Be7 18. Rhe1 b5 19. c3 b6 20. Re3 Rf7 21. Bxh7+ Kxh7 22. Qh5+ Kg8 23. Rh3 Rf8 24. Qh7+ Kf7 25. Rg3 Rg8 26. Re1 Qf5 27. Rxe7+ Kxe7 28. Qxg8 Qxf4+ 29. Re3+ Kd7 30. Qf7+ 1-0

[Event "Oberliga Ost-B 1718"]
[Site "Germany"]
[Date "2018.02.25"]
[Round "8.4"]
[White "Hillmann, Michael"]
[Black "Schaack, Harry"]
[Result "0-1"]
[WhiteElo "2159"]
[BlackElo "2207"]
[PlyCount "80"]
[EventDate "2017.10.22"]
[EventType "team-tourn"]
[EventRounds "11"]
[EventCountry "GER"]
[SourceTitle "EXT 2019"]
[Source "ChessBase"]
[SourceDate "2018.10.10"]
[SourceVersion "1"]
[SourceVersionDate "2018.10.10"]
[SourceQuality "1"]
[WhiteTeam "Sangerhausen"]
[BlackTeam "Schoeneck"]
[WhiteTeamCountry "GER"]
[BlackTeamCountry "GER"]

1. d4 Nf6 2. Bg5 Ne4 3. Bf4 d5 4. e3 c5 5. c3 Nc6 6. Bd3 g5 7. Bg3 cxd4 8. exd4 h5 9. Bxe4 dxe4 10. h4 gxh4 11. Rxh4 Qd5 12. Qb3 Qg5 13. d5 Na5 14. Qd1 Bg7 15. Rxe4 Qg6 16. Qe2 Bf6 17. Nd2 h4 18. Bd6 Kf8 19. Bxe7+ Bxe7 20. Rxe7 Be6 21. Rxe6 fxe6 22. 0-0-0 exd5 23. Ndf3 Rd8 24. Ne5 Qf5 25. Rd3 Kg7 26. Nh3 Rhe8 27. f4 Nc6 28. g4 Qf6 29. Re3 d4 30. g5 Qf5 31. cxd4 Nxd4 32. Qg2 Rc8+ 33. Rc3 Rxc3+ 34. bxc3 Nc6 35. Nxc6 Re1+ 36. Kd2 Qb1 37. Nf2 Qc1+ 38. Kd3 Re3+ 39. Kd4 Qxc3+ 40. Kd5 Qxc6+ 0-1

[Event "Oberliga Ost-B 1718"]
[Site "Germany"]
[Date "2018.02.03"]
[Round "6.3"]
[White "Hillmann, Michael"]
[Black "Michalowski, Peter"]
[Result "1-0"]
[WhiteElo "2159"]
[BlackElo "2064"]
[PlyCount "87"]
[EventDate "2017.10.22"]
[EventType "team-tourn"]
[EventRounds "11"]
[EventCountry "GER"]
[SourceTitle "EXT 2019"]
[Source "ChessBase"]
[SourceDate "2018.10.10"]
[SourceVersion "1"]
[SourceVersionDate "2018.10.10"]
[SourceQuality "1"]
[WhiteTeam "Sangerhausen"]
[BlackTeam "Erfurt Empor"]
[WhiteTeamCountry "GER"]
[BlackTeamCountry "GER"]

1. Nf3 Nf6 2. c4 e6 3. d4 d5 4. g3 Be7 5. Bg2 0-0 6. 0-0 dxc4 7. Ne5 Nc6 8. Bxc6 bxc6 9. Nxc6 Qe8 10. Nxe7+ Qxe7 11. Qa4 e5 12. dxe5 Qxe5 13. Qxc4 Be6 14. Qd3 Rad8 15. Qe3 Qh5 16. f3 Rfe8 17. Qf2 Bc4 18. Nc3 Nd5 19. Re1 Nb4 20. Rb1 Nxa2 21. Nxa2 Bxa2 22. Ra1 Bc4 23. Rxa7 Qb5 24. e4 f5 25. Rxc7 fxe4 26. fxe4 Rf8 27. Qc5 Qxc5+ 28. Rxc5 Rd4 29. e5 Rfd8 30. Be3 Re4 31. Bf2 Rxe1+ 32. Bxe1 Be6 33. Kf2 Rd5 34. Rxd5 Bxd5 35. Ke3 Kf7 36. Kd4 Ke6 37. Bc3 Bb3 38. Kc5 g6 39. Kb4 Ba2 40. Ka4 Kd5 41. b4 Kc6 42. b5+ Kd7 43. Kb4 Be6 44. Kc5 1-0

[Event "Oberliga Ost-B 1718"]
[Site "Germany"]
[Date "2017.11.12"]
[Round "3.4"]
[White "Hillmann, Michael"]
[Black "Staller, Peter"]
[Result "1/2-1/2"]
[WhiteElo "2159"]
[BlackElo "2267"]
[PlyCount "57"]
[EventDate "2017.10.22"]
[EventType "team-tourn"]
[EventRounds "11"]
[EventCountry "GER"]
[SourceTitle "EXT 2019"]
[Source "ChessBase"]
[SourceDate "2018.10.10"]
[SourceVersion "1"]
[SourceVersionDate "2018.10.10"]
[SourceQuality "1"]
[WhiteTeam "Sangerhausen"]
[BlackTeam "Frankfurt Koenig Nied"]
[WhiteTeamCountry "GER"]
[BlackTeamCountry "GER"]

1. d4 Nf6 2. Bg5 e6 3. e3 d5 4. c3 Be7 5. Nd2 Nbd7 6. f4 c5 7. Bd3 b6 8. Qf3 Bb7 9. Ne2 h6 10. Bxf6 Bxf6 11. 0-0 0-0 12. g4 cxd4 13. exd4 g6 14. Qg2 Bg7 15. Nf3 a5 16. Rae1 Nf6 17. f5 exf5 18. gxf5 g5 19. Ng3 Qd6 20. Re2 Rae8 21. Rfe1 Rxe2 22. Rxe2 Ne4 23. Nxe4 dxe4 24. Bxe4 Bxe4 25. Rxe4 Qd5 26. Ne5 Qxa2 27. Re1 Bxe5 28. dxe5 Qc4 29. Qf2 1/2-1/2

[Event "Oberliga Ost-B 1617"]
[Site "Germany"]
[Date "2017.02.18"]
[Round "6.6"]
[White "Schmuck, Helmut"]
[Black "Hillmann, Michael"]
[Result "1/2-1/2"]
[WhiteElo "2143"]
[BlackElo "2162"]
[PlyCount "42"]
[EventDate "2016.10.16"]
[EventType "team-tourn"]
[EventRounds "11"]
[EventCountry "GER"]
[SourceTitle "EXT 2018"]
[Source "ChessBase"]
[SourceDate "2017.10.13"]
[SourceVersion "1"]
[SourceVersionDate "2017.10.13"]
[SourceQuality "1"]
[WhiteTeam "Erfurt Empor"]
[BlackTeam "Sangerhausen"]
[WhiteTeamCountry "GER"]
[BlackTeamCountry "GER"]

1. d4 d5 2. Nf3 Nf6 3. c4 c6 4. Nc3 a6 5. a4 e6 6. Bg5 Be7 7. e3 a5 8. Be2 0-0 9. 0-0 Na6 10. Ne5 Nd7 11. Bxe7 Qxe7 12. Nxd7 Bxd7 13. Qb3 Qb4 14. Qxb4 Nxb4 15. b3 Rad8 16. Na2 Nxa2 17. Rxa2 Rfe8 18. f4 f6 19. Bf3 Bc8 20. Rd1 f5 21. Rb2 Kf7 1/2-1/2

[Event "Oberliga Ost-B 1617"]
[Site "Germany"]
[Date "2016.11.20"]
[Round "3.7"]
[White "Rosa, Mike"]
[Black "Hillmann, Michael"]
[Result "1/2-1/2"]
[WhiteElo "2074"]
[BlackElo "2162"]
[PlyCount "120"]
[EventDate "2016.10.16"]
[EventType "team-tourn"]
[EventRounds "11"]
[EventCountry "GER"]
[SourceTitle "EXT 2018"]
[Source "ChessBase"]
[SourceDate "2017.10.13"]
[SourceVersion "1"]
[SourceVersionDate "2017.10.13"]
[SourceQuality "1"]
[WhiteTeam "Frankfurt Koenig Nied"]
[BlackTeam "Sangerhausen"]
[WhiteTeamCountry "GER"]
[BlackTeamCountry "GER"]

1. e4 d5 2. exd5 Qxd5 3. Nc3 Qd6 4. g3 Nf6 5. Bg2 c6 6. d4 Bg4 7. Nge2 e6 8. Bf4 Qd8 9. 0-0 Be7 10. f3 Bh5 11. h4 Bg6 12. g4 h5 13. g5 Nd5 14. Nxd5 cxd5 15. Bh3 Nc6 16. c3 Qb6 17. Qd2 Qa6 18. Rfe1 Na5 19. Ng3 Qd3 20. Qf2 Qa6 21. Re2 Bd3 22. Re3 Bb5 23. g6 Bd7 24. gxf7+ Kxf7 25. Rae1 Bxh4 26. Bxe6+ Bxe6 27. Rxe6 Qd3 28. R6e5 Rad8 29. Bg5 Bxg5 30. Rxg5 g6 31. Ree5 Qc4 32. f4 Nc6 33. f5 Nxe5 34. dxe5 Rdf8 35. Rxg6 h4 36. Qxa7 Qc8 37. Rb6 Kg8 38. Rxb7 Rh6 39. Rg7+ Kh8 40. Rg6 Rh7 41. Qd4 Qc7 42. e6+ Rg7 43. Qxh4+ Kg8 44. e7 Rb8 45. Rxg7+ Kxg7 46. Qg5+ Kf7 47. Qg6+ Kxe7 48. Qg7+ Kd6 49. Qf6+ Kc5 50. b4+ Kb5 51. Ne2 Qb6+ 52. Qxb6+ Rxb6 53. Kf2 Ra6 54. Ke3 Kc4 55. Nf4 Rf6 56. Ne2 Rxf5 57. a4 Rh5 58. Kd2 Rh3 59. a5 Rf3 60. Kc2 Rh3 1/2-1/2

[Event "Oberliga Ost-B 1617"]
[Site "Germany"]
[Date "2016.11.19"]
[Round "2.7"]
[White "Hillmann, Michael"]
[Black "Krzesinski, Paul"]
[Result "1-0"]
[WhiteElo "2162"]
[BlackElo "2046"]
[PlyCount "105"]
[EventDate "2016.10.16"]
[EventType "team-tourn"]
[EventRounds "11"]
[EventCountry "GER"]
[SourceTitle "EXT 2018"]
[Source "ChessBase"]
[SourceDate "2017.10.13"]
[SourceVersion "1"]
[SourceVersionDate "2017.10.13"]
[SourceQuality "1"]
[WhiteTeam "Sangerhausen"]
[BlackTeam "Frankfurt TV"]
[WhiteTeamCountry "GER"]
[BlackTeamCountry "GER"]

1. d4 d5 2. Nf3 Nf6 3. c4 c6 4. Qc2 e6 5. g3 Bd6 6. Bg2 0-0 7. 0-0 Nbd7 8. Rd1 b6 9. Bf4 Bxf4 10. gxf4 Bb7 11. Ne5 Nxe5 12. fxe5 Ng4 13. h3 Nh6 14. Nd2 Nf5 15. Nf3 Nh4 16. Nxh4 Qxh4 17. cxd5 cxd5 18. e3 f6 19. f4 g5 20. Rf1 fxe5 21. fxe5 Ba6 22. Rxf8+ Rxf8 23. Qc6 Qf2+ 24. Kh1 Qf7 25. Qc2 Rc8 26. Qd2 h5 27. e4 Qg6 28. Rg1 g4 29. Bf3 Kh7 30. hxg4 dxe4 31. gxh5 Qf5 32. Bg4 Qf7 33. Qe3 Bd3 34. Bd1 Qf5 35. Rg6 Qf8 36. Rf6 Qg7 37. Rg6 Qf8 38. Rf6 Qg7 39. h6 Qg8 40. Qf4 Rc7 41. Bh5 e3 42. Qxe3 Bf5 43. d5 Kh8 44. Rxf5 exf5 45. e6 Kh7 46. Qf4 Rc5 47. Bf7 Rc1+ 48. Qxc1 Qg3 49. Bg8+ Qxg8 50. Qg1 Qf8 51. Qg7+ Qxg7 52. hxg7 Kxg7 53. d6 1-0

[Event "Oberliga Ost-A 1516"]
[Site "Germany"]
[Date "2016.02.21"]
[Round "8.7"]
[White "Hillmann, Michael"]
[Black "Heinz, Thomas"]
[Result "1/2-1/2"]
[WhiteElo "2148"]
[BlackElo "2137"]
[PlyCount "90"]
[EventDate "2015.09.20"]
[EventType "team-tourn"]
[EventRounds "11"]
[EventCountry "GER"]
[SourceTitle "EXT 2017"]
[Source "ChessBase"]
[SourceDate "2016.10.25"]
[SourceVersion "1"]
[SourceVersionDate "2016.10.25"]
[SourceQuality "1"]
[WhiteTeam "Sangerhausen"]
[BlackTeam "Aue Nickelhuette II"]
[WhiteTeamCountry "GER"]
[BlackTeamCountry "GER"]

1. d4 d5 2. Nf3 Nf6 3. c4 c6 4. Qc2 g6 5. Bf4 Bg7 6. e3 Bf5 7. Qb3 Qb6 8. c5 Qxb3 9. axb3 Nbd7 10. h3 0-0 11. Nc3 h6 12. g4 Bc2 13. b4 g5 14. Bh2 a6 15. Ne5 Nxe5 16. Bxe5 Nd7 17. Bxg7 Kxg7 18. Kd2 Bg6 19. f4 f5 20. Be2 gxf4 21. exf4 fxg4 22. Bxg4 Nf6 23. Ke3 Kf7 24. Ne2 e6 25. Rhg1 Rae8 26. Nc1 Rg8 27. Nb3 Bf5 28. Bf3 Bxh3 29. Rxg8 Rxg8 30. Na5 Bg2 31. Bxg2 Rxg2 32. Nxb7 h5 33. Nd8+ Kg6 34. Nxc6 h4 35. Ne5+ Kf5 36. Rh1 Rg3+ 37. Ke2 h3 38. c6 Ne4 39. Nd3 Rg2+ 40. Kf3 Rg3+ 41. Ke2 Rg2+ 42. Kf3 Nd2+ 43. Ke3 Nc4+ 44. Kf3 Nd2+ 45. Ke3 Nc4+ 1/2-1/2

[Event "GER CupT prel3"]
[Site "Knuellwald"]
[Date "2016.01.23"]
[Round "1.3"]
[White "Schaffarczyk, Andre"]
[Black "Hillmann, Michael"]
[Result "1/2-1/2"]
[WhiteElo "2151"]
[BlackElo "2158"]
[PlyCount "98"]
[EventDate "2016.01.23"]
[EventType "team-k.o."]
[EventRounds "2"]
[EventCountry "GER"]
[SourceTitle "EXT 2017"]
[Source "ChessBase"]
[SourceDate "2016.10.25"]
[SourceVersion "1"]
[SourceVersionDate "2016.10.25"]
[SourceQuality "1"]
[WhiteTeam "Lieme"]
[BlackTeam "Sangerhausen"]
[WhiteTeamCountry "GER"]
[BlackTeamCountry "GER"]

1. e4 d5 2. exd5 Qxd5 3. Nc3 Qd6 4. d4 Nf6 5. Nb5 Qb6 6. Be2 c6 7. Na3 g6 8. Nf3 Bg7 9. 0-0 0-0 10. c3 Qd8 11. Nc4 Bg4 12. Nce5 Bxf3 13. Bxf3 Nbd7 14. Qe2 e6 15. Bg5 Qc7 16. Rfe1 Rfe8 17. Rad1 a5 18. h4 a4 19. a3 Nxe5 20. Qxe5 Qd8 21. Qe2 h6 22. Bc1 Nd5 23. g3 b5 24. Bg2 Qd7 25. Qf3 Rac8 26. h5 g5 27. Bf1 Nf6 28. Bg2 Nd5 29. Qe2 f5 30. f3 Qd6 31. Qf2 Nf6 32. f4 g4 33. Bf1 Nxh5 34. Qh2 Nf6 35. Bd3 Nd5 36. Qh5 Qd7 37. Re2 Qf7 38. Qh1 Qg6 39. Rde1 Kf7 40. Qh4 Bf6 41. Qh1 Re7 42. Rh2 Rh8 43. Rh5 Bg7 44. Re2 Rc8 45. Reh2 Rh8 46. Qg2 Rc7 47. Qe2 Nf6 48. R5h4 Nd5 49. Rh5 Nf6 1/2-1/2

[Event "Oberliga Ost-B 1314"]
[Site "Germany"]
[Date "2014.04.06"]
[Round "11.2"]
[White "Klundt, Klaus"]
[Black "Hillmann, Michael"]
[Result "1/2-1/2"]
[WhiteElo "2350"]
[BlackElo "2165"]
[PlyCount "49"]
[EventDate "2013.10.13"]
[EventType "team-tourn"]
[EventRounds "11"]
[EventCountry "GER"]
[SourceTitle "EXT 2015"]
[Source "ChessBase"]
[SourceDate "2014.11.20"]
[SourceVersion "1"]
[SourceVersionDate "2014.11.20"]
[SourceQuality "1"]
[WhiteTeam "Heusenstamm"]
[BlackTeam "Sangerhausen"]
[WhiteTeamCountry "GER"]
[BlackTeamCountry "GER"]

1. e4 d5 2. exd5 Qxd5 3. Nc3 Qd6 4. d4 Nf6 5. Nf3 c6 6. Ne5 Nbd7 7. f4 g6 8. g4 Bg7 9. Bg2 Nd5 10. Ne4 Qc7 11. Qf3 0-0 12. 0-0 N5f6 13. Nxf6+ Nxf6 14. Be3 Be6 15. c4 Nd7 16. Rac1 Nxe5 17. fxe5 f6 18. exf6 Rxf6 19. Qe4 Rxf1+ 20. Bxf1 Qd7 21. Be2 Rd8 22. Rd1 b5 23. b3 bxc4 24. bxc4 Bf7 25. d5 1/2-1/2